Communes of French Guiana - Statistics

General Stats
  • This quiz has been taken 25 times
  • The average score is 15 of 22
Answer Stats
Communes % Correct
Cayenne
100%
Saint-Laurent-du-Maroni
100%
Grand-Santi
86%
Kourou
86%
Maripasoula
86%
Régina
86%
Sinnamary
86%
Apatou
71%
Papaichton
71%
Awala-Yalimapo
57%
Iracoubo
57%
Mana
57%
Matoury
57%
Montsinéry-Tonnegrande
57%
Remire-Montjoly
57%
Saint-Élie
57%
Saint-Georges
57%
Saül
57%
Camopi
43%
Macouria
43%
Ouanary
43%
Roura
43%
No matching quizzes found
Score Distribution
Percent of People with Each Score
Percentile by Number Answered
Your Score History
You have not taken this quiz